| 000 | 00000nam##2200000za#4500 |
| 001 | 9.644360 |
| 003 | CaOODSP |
| 005 | 20250611103613 |
| 007 | cr ||||||||||| |
| 008 | 150407|1995||||xxc|||||o f|0| 0 fre|d |
| 040 | |aCaOODSP|bfre |
| 043 | |an-cn--- |
| 086 | 1 |aA53-1904/1994F-PDF |
| 110 | 1 |aCanada. |bAgriculture et agroalimentaire Canada. |
| 245 | 10|aOrge nue – Production et alimentation animale / |h[ressource électronique]|c[par] Frank Aberne ... [et al.] Produit par le Centre de recherches de Brandon. |
| 260 | |aOttawa - Ontario : |bAgriculture et Agroalimentaire Canada |c1995. |
| 300 | |a28p. |
| 500 | |aPublication historique numérisée par Agriculture et Agroalimentaire Canada. |
| 590 | |a15-05-Supp|b2015-03-31 |
| 691 | 07|aÉlevage|2gcpds |
| 775 | 08|tProduction and feeding of hulless barley / |w(CaOODSP)9.700477 |
| 856 | 40|ahttp://publications.gc.ca|qPDF|s1384 Ko|uhttps://publications.gc.ca/collections/collection_2015/aac-aafc/A53-1904-1994-fra.pdf |
| 986 | |aPublication 1904/F |